| 000 | 01238nam a2200289 4500 | ||
|---|---|---|---|
| 001 | 768714001 | ||
| 003 | CO-MdFUSB | ||
| 005 | 20230925114016.0 | ||
| 008 | 230920t20082010miua||ag |||| 00| 0 esp d | ||
| 020 | _a9780825418112 | ||
| 040 |
_aCO-MdFUSB _bspa _cCO-MdFUSB _dCO-MdFUSBC _erda |
||
| 041 | _aspa | ||
| 082 |
_223 _a251 _bM698 |
||
| 100 |
_aMohler, Albert. _eautor |
||
| 245 | 1 |
_aProclame la verdad _b : predique en un mundo postmoderno. _c/ Mohler Albert JR ; traducido por Rosa Pugliese. |
|
| 264 | 1 |
_aMichigan : _bPortavoz, _c[2008] |
|
| 264 | 4 | _c©2010 | |
| 300 |
_a174 páginas _c; 22 cm. |
||
| 336 |
_2rdacontent _atexto _btxt |
||
| 337 |
_2rdamedia _asin mediación _bn |
||
| 338 |
_2rdacarrier _avolumen _bnc |
||
| 505 | _aI. La predicación como adoración -- II. El fundamento de la predicación -- III. La predicación es expositiva -- IV. predicación expositiva -- V. Un administrador de los misterios -- VI. ¿no ardía nuestro corazón en nosotros? -- VII. El pastor como teólogo -- VIII. Algo cada vez más raro -- IX. La necesidad urgente de la predicación -- X. Cuando se les predica a huesos secos. | ||
| 563 | _aRústico. | ||
| 700 |
_98452 _aPugliese, Rosa _etraductor |
||
| 942 | _cBK | ||
| 945 | _asor1564 | ||
| 999 |
_c69017 _d69017 |
||